[Event "Moratalaz op 23rd"]
[Site "Madrid"]
[Date "2010.09.19"]
[Round "4"]
[White "Hernando Pertierra, Jose Carlos"]
[Black "Castano, Henry Augusto"]
[Result "1-0"]
[WhiteElo "2376"]
[BlackElo "2205"]
[PlyCount "69"]
[EventDate "2010.09.16"]
[EventType "swiss"]
[EventRounds "9"]
[EventCountry "ESP"]
[SourceTitle "CBM 138 Extra"]
[Source "ChessBase"]
[SourceDate "2010.10.29"]
[SourceVersion "1"]
[SourceVersionDate "2010.10.29"]
[SourceQuality "1"]

1. Nf3 Nf6 2. g3 c5 3. Bg2 Nc6 4. 0-0 e5 5. d3 d5 6. e4 Be7 7. Nbd2 0-0 8. a4 Re8 9. h3 Bf8 10. Kh2 h6 11. Re1 g6 12. b3 d4 13. Rf1 Qc7 14. Nc4 Be6 15. Bd2 b6 16. Nh4 Nd7 17. f4 exf4 18. gxf4 a6 19. a5 b5 20. Nb6 Nxb6 21. axb6 Qd8 22. b7 Ra7 23. Be1 Be7 24. Nf3 Qc7 25. Bg3 Bd6 26. e5 Bf8 27. Nh4 Ne7 28. f5 gxf5 29. Qh5 Bg7 30. Rae1 Rxb7 31. Bxb7 Qxb7 32. Bf4 Kh7 33. Rg1 Bf8 34. Nf3 Qd5 35. Bxh6 1-0

[Event "Parla op 25th"]
[Site "Parla"]
[Date "2010.09.10"]
[Round "7"]
[White "Castano, Henry Augusto"]
[Black "Roa Alonso, Santiago"]
[Result "1/2-1/2"]
[WhiteElo "2205"]
[BlackElo "2454"]
[PlyCount "47"]
[EventDate "2010.09.04"]
[EventType "swiss"]
[EventRounds "9"]
[EventCountry "ESP"]
[SourceTitle "CBM 138 Extra"]
[Source "ChessBase"]
[SourceDate "2010.10.29"]
[SourceVersion "1"]
[SourceVersionDate "2010.10.29"]
[SourceQuality "1"]

1. e4 e5 2. Nf3 Nc6 3. Bb5 a6 4. Ba4 Nf6 5. 0-0 Be7 6. Re1 b5 7. Bb3 d6 8. c3 0-0 9. h3 Nb8 10. d4 Nbd7 11. Nbd2 Bb7 12. Bc2 Re8 13. a4 Bf8 14. Bd3 c6 15. b4 Nb6 16. axb5 axb5 17. Rxa8 Bxa8 18. Nb3 Nbd7 19. Qc2 g6 20. Bd2 Qb8 21. dxe5 dxe5 22. c4 c5 23. cxb5 cxb4 24. Qb1 1/2-1/2